Discographie de Yvnnis - Statistiques

Statistiques générales
  • Ce quiz a été pris 35 fois
  • Le résultat moyen est 32 sur 71
Statistiques - réponses
Summer Emotions Tape % Correct
Bara
94%
Vin Italien
89%
Lesbras
83%
Break
78%
DoNotDisturb
78%
Emoticone
78%
Présidentiel
78%
Sud de la France
72%
Abomey
67%
Gare du Nord
67%
Kali Uchis
67%
Mal Aimés
67%
Radio Cotonou
67%
Soleil Pluvieux
67%
Washington
67%
Big Shot
61%
Certifié
61%
Grand Pont
61%
Héros
61%
Oublié
61%
Seedorf
61%
94 Connexion
56%
Bee Gees
56%
Champagne & Jerseys
56%
Pas du Genre à Guinguin
56%
Sativa
56%
Atari
50%
Cbpm
50%
DonneLeGo
50%
Fake
50%
Je(u)
50%
Croisette
44%
Ian Wright
44%
Joaillier
44%
Le Piège
44%
Manager
44%
+1
39%
2 Accords - Interlude
39%
Cqss
39%
Fédétour
39%
Mektoub Outro
39%
No Stress
39%
Pas un Vrai
39%
Pauleta
39%
Strass
39%
Encore
33%
J'aime!
33%
+74
28%
Backyard
28%
Cendres Interlude
28%
C'est mort qu'on m'aime
28%
Colibri
28%
Eurostar
28%
Goyard
28%
Katas
28%
Le Passé
28%
Nx2
28%
Vla
28%
Marche C
22%
Monétise
22%
Paname Petit Café
22%
Sur le Gun
22%
-94°C
17%
Call Me Back Later
17%
Dans l'thème
17%
Guest List
17%
Kylie Minogue
17%
Lost my mind
17%
Pocket
17%
Mitsubishi
11%
Appel à l'aide
6%
Aucun quiz correspondant
Distribution des résultats
% des personnes avec chaque résultat
Percentile par nombre de réponses
Votre historique - résultats
Vous n’avez pas pris ce quiz